000
00311nam a22001337a 4500
008
171101b xxu||||| |||| 00| 0 eng d
020
_a
9280810642
041
_a
eng
080
_2
2ND
_a
339
100
_a
59
101
_a
TRE
245
_a
TRADE, ENVIRONMENT, AND THE MILLENNIUM
_c
SAMPSON,G.P
942
_2
udc
_c
BK
999
_c
37065
_d
37065